[Event "2. Bundesliga Ost 2013/2014"]
[Site "Wien"]
[Date "2013.10.05"]
[Round "1"]
[Board "5"]
[White "Liedl, Wolfgang"]
[Black "Stadler, Peter"]
[Result "1/2-1/2"]
[WhiteElo "2200"]
[BlackElo "2109"]
[PlyCount "60"]
[EventDate "2013.10.05"]
[EventType "team"]
[EventRounds "11"]
[EventCountry "AUT"]
[WhiteTeam "SK Austria"]
[BlackTeam "Zwettl"]

1. d4 Nf6 2. c4 g6 3. Nc3 d5 4. Nf3 Bg7 5. Qb3 dxc4 6. Qxc4 O-O 7. e4 a6 8. e5
b5 9. Qb3 Nfd7 10. Ng5 e6 11. f4 c5 12. Nce4 h6 13. Nf3 cxd4 14. Nd6 Nc5 15.
Qa3 Qb6 16. Bd2 Nc6 17. b4 Na4 18. Bd3 Bd7 19. O-O Rfd8 20. h4 Bf8 21. Ne4 Nc3
22. Nf6+ Kg7 23. Qb3 Nxb4 24. Be4 Nbd5 25. Bxd5 Nxd5 26. Nxd5 exd5 27. Bb4 Rac8
28. Bxf8+ Rxf8 29. Qxd5 Be6 30. Qxd4 Qb7 1/2-1/2

[Event "2. Bundesliga Ost 2013/2014"]
[Site "Wien"]
[Date "2013.10.05"]
[Round "1"]
[Board "6"]
[White "Lipp, Alfred"]
[Black "Higatsberger, Michael"]
[Result "1/2-1/2"]
[WhiteElo "2138"]
[BlackElo "2197"]
[PlyCount "80"]
[EventDate "2013.10.05"]
[EventType "team"]
[EventRounds "11"]
[EventCountry "AUT"]
[WhiteTeam "Zwettl"]
[BlackTeam "SK Austria"]

1. d4 d5 2. c4 c6 3. Nf3 Nf6 4. Nc3 dxc4 5. a4 Bf5 6. e3 e6 7. Bxc4 Bb4 8. O-O
O-O 9. Qe2 Bg4 10. h3 Bh5 11. Rd1 Nbd7 12. e4 h6 13. e5 Nd5 14. Ne4 Bg6 15. Ng3
a5 16. h4 Be7 17. h5 Bh7 18. Ne4 N7b6 19. Bb3 Nb4 20. g4 N6d5 21. Bd2 Kh8 22.
Rac1 Qd7 23. g5 hxg5 24. Nfxg5 Bxg5 25. Bxg5 f6 26. exf6 gxf6 27. Bh6 Rg8+ 28.
Ng3 Bf5 29. Kh1 Rg4 30. Nxf5 exf5 31. Rg1 Qf7 32. Rxg4 Qxh5+ 33. Kg2 fxg4 34.
Rh1 Qg6 35. Bf8+ Kg8 36. Qe6+ Kxf8 37. Qd6+ Kg8 38. Qe6+ Kf8 39. Qd6+ Kg8 40.
Qe6+ Kf8 1/2-1/2

[Event "2. Bundesliga Ost 2013/2014"]
[Site "Wien"]
[Date "2013.10.05"]
[Round "1"]
[Board "1"]
[White "Volkmann, Friedrich Karl"]
[Black "Loeffler, Stefan"]
[Result "1/2-1/2"]
[WhiteElo "2420"]
[BlackElo "2415"]
[PlyCount "62"]
[EventDate "2013.10.05"]
[EventType "team"]
[EventRounds "11"]
[EventCountry "AUT"]
[WhiteTeam "ASVOE Wulkaprodersdorf"]
[BlackTeam "ASVOE VHS Poechlarn"]

1. e4 e5 2. Nf3 Nf6 3. d4 Nxe4 4. Bd3 d5 5. Nxe5 Nd7 6. Nxd7 Bxd7 7. O-O Bd6 8.
Qh5 Qf6 9. c3 Qg6 10. Qxd5 Bc6 11. Bxe4 Bxd5 12. Bxg6 hxg6 13. h3 O-O-O 14. Na3
Bxa3 15. bxa3 Rhe8 16. Be3 Rd6 17. Rfe1 Kd7 18. Rac1 Rc6 19. Re2 Rc4 20. Rb2
Kc6 21. Rb4 Re6 22. Rc2 Kd7 23. Rb5 Be4 24. d5 Ra6 25. Rd2 Rxc3 26. Rxb7 Rcxa3
27. Bf4 Rc3 28. f3 Kc8 29. Rxc7+ Rxc7 30. Bxc7 Bxd5 31. Rxd5 Kxc7 1/2-1/2

[Event "2. Bundesliga Ost 2013/2014"]
[Site "Wien"]
[Date "2013.10.05"]
[Round "1"]
[Board "2"]
[White "Kostic, Vladimir"]
[Black "Wallner, Joachim"]
[Result "1-0"]
[WhiteElo "2436"]
[BlackElo "2365"]
[PlyCount "75"]
[EventDate "2013.10.05"]
[EventType "team"]
[EventRounds "11"]
[EventCountry "AUT"]
[WhiteTeam "ASVOE VHS Poechlarn"]
[BlackTeam "ASVOE Wulkaprodersdorf"]

1. e4 c5 2. Nc3 a6 3. g3 b5 4. Bg2 Bb7 5. d3 e6 6. Nge2 Nf6 7. O-O d6 8. h3 Qc7
9. g4 b4 10. Na4 d5 11. g5 Nh5 12. c3 dxe4 13. dxe4 Nd7 14. cxb4 cxb4 15. Be3
Be7 16. Rc1 Qa5 17. Nd4 g6 18. Qb3 O-O 19. a3 Bxg5 20. axb4 Qd8 21. Nc5 Nxc5
22. bxc5 Bxe3 23. Qxe3 e5 24. Ne2 Rc8 25. Rfd1 Qe7 26. Rd6 Rc7 27. b4 Rb8 28.
Qd2 Bc6 29. Bf3 Nf4 30. Nxf4 exf4 31. Kh2 Kg7 32. Qd4+ f6 33. Rd1 Re8 34. Bg4
Qxe4 35. Qxf6+ Kh6 36. Rg1 f3 37. Bxf3 Qe5+ 38. Qxe5 1-0

[Event "2. Bundesliga Ost 2013/2014"]
[Site "Wien"]
[Date "2013.10.05"]
[Round "1"]
[Board "3"]
[White "Sandhu, Mario"]
[Black "Weinzettl, Ernst"]
[Result "1/2-1/2"]
[WhiteElo "2282"]
[BlackElo "2312"]
[PlyCount "66"]
[EventDate "2013.10.05"]
[EventType "team"]
[EventRounds "11"]
[EventCountry "AUT"]
[WhiteTeam "ASVOE Wulkaprodersdorf"]
[BlackTeam "ASVOE VHS Poechlarn"]

1. Nf3 Nf6 2. g3 g6 3. Bg2 Bg7 4. O-O O-O 5. d3 d5 6. Nbd2 c5 7. e4 Nc6 8. c3
e6 9. Re1 a5 10. a4 b6 11. Nf1 Ra7 12. e5 Nd7 13. Bf4 f6 14. exf6 Nxf6 15. Ne5
Nxe5 16. Bxe5 Ne8 17. f4 g5 18. fxg5 Qxg5 19. Bf4 Qg6 20. Kh1 Nf6 21. Bf3 Kh8
22. Ne3 Ba6 23. c4 Bb7 24. Ng2 dxc4 25. dxc4 Bxf3 26. Qxf3 Nh5 27. Qe2 Re8 28.
Be5 Bxe5 29. Qxe5+ Ng7 30. Nf4 Qc2 31. Qe4 Qxe4+ 32. Rxe4 Rd7 33. Rae1 Rd2
 1/2-1/2

[Event "2. Bundesliga Ost 2013/2014"]
[Site "Wien"]
[Date "2013.10.05"]
[Round "1"]
[Board "4"]
[White "Wilke, Werner"]
[Black "Newrkla, Katharina"]
[Result "1/2-1/2"]
[WhiteElo "2243"]
[BlackElo "2174"]
[PlyCount "213"]
[EventDate "2013.10.05"]
[EventType "team"]
[EventRounds "11"]
[EventCountry "AUT"]
[WhiteTeam "ASVOE VHS Poechlarn"]
[BlackTeam "ASVOE Wulkaprodersdorf"]

1. e4 c5 2. Nf3 d6 3. d4 cxd4 4. Nxd4 Nf6 5. Nc3 a6 6. Be3 e5 7. Nf3 Qc7 8. a4
b6 9. Be2 Be7 10. O-O O-O 11. Nd2 Be6 12. Bf3 Nbd7 13. Nd5 Nxd5 14. exd5 Bf5
15. c4 Bd3 16. Be2 Bxe2 17. Qxe2 f5 18. f4 Rac8 19. Rac1 Qb7 20. g4 fxg4 21.
Qxg4 Rf6 22. f5 Rf7 23. Rf3 Nf6 24. Qg2 b5 25. axb5 axb5 26. b3 bxc4 27. bxc4
Ra8 28. Rb1 Qd7 29. Bg5 Ra2 30. Rf2 Qa7 31. Kh1 Qd4 32. Bxf6 Bxf6 33. Re2 Qd3
34. Rf2 Rf8 35. Rbf1 Bh4 36. Re2 Rxf5 37. Rxf5 Qxf5 38. Nf3 Ra1+ 39. Ng1 h6 40.
h3 Qf4 41. Re4 Qf6 42. Kh2 Bg5 43. Ne2 Rf1 44. Qg4 Rf2+ 45. Kg1 Rf1+ 46. Kh2
Kh7 47. h4 Bxh4 48. Qxh4 Qxh4+ 49. Rxh4 Rf2+ 50. Kg3 Rxe2 51. c5 dxc5 52. Rc4
Kg6 53. Kf3 Rd2 54. Rxc5 Kf5 55. Ke3 Rd4 56. Rc7 g5 57. Rf7+ Kg6 58. Rd7 Kf6
59. Rd8 g4 60. d6 Ke6 61. Rh8 Kxd6 62. Rxh6+ Kd5 63. Rh8 Ra4 64. Rd8+ Ke6 65.
Rf8 Ra3+ 66. Ke4 Ra4+ 67. Ke3 Ra7 68. Ke4 Rg7 69. Ra8 Rg5 70. Ra6+ Kf7 71. Ra1
Kg6 72. Rb1 g3 73. Kf3 Kf5 74. Kg2 Kf4 75. Rb4+ Ke3 76. Rb3+ Kd2 77. Rb2+ Kc3
78. Rb5 Kc4 79. Ra5 Kd4 80. Ra4+ Ke3 81. Ra3+ Kf4 82. Ra4+ e4 83. Ra8 Rg4 84.
Rf8+ Ke3 85. Ra8 Kd3 86. Ra3+ Kc2 87. Ra2+ Kb3 88. Ra8 Kc3 89. Ra3+ Kd4 90.
Ra4+ Ke5 91. Ra5+ Kf4 92. Ra8 Rg6 93. Rf8+ Ke3 94. Ra8 Rg7 95. Ra3+ Kf4 96. Ra8
e3 97. Ra4+ Kf5 98. Ra5+ Ke4 99. Ra4+ Kd3 100. Ra3+ Kd2 101. Ra2+ Kd3 102. Ra3+
Ke4 103. Ra4+ Kf5 104. Ra5+ Kg4 105. Ra4+ Kf5 106. Ra5+ Kf4 107. Ra4+ 1/2-1/2

[Event "2. Bundesliga Ost 2013/2014"]
[Site "Wien"]
[Date "2013.10.05"]
[Round "1"]
[Board "5"]
[White "Mesaros, Florian"]
[Black "Loidl, Florian"]
[Result "0-1"]
[WhiteElo "2180"]
[BlackElo "2192"]
[PlyCount "102"]
[EventDate "2013.10.05"]
[EventType "team"]
[EventRounds "11"]
[EventCountry "AUT"]
[WhiteTeam "ASVOE Wulkaprodersdorf"]
[BlackTeam "ASVOE VHS Poechlarn"]

1. Nf3 Nf6 2. c4 c6 3. Nc3 d5 4. d4 dxc4 5. a4 Bf5 6. Ne5 Nbd7 7. Nxc4 Qc7 8.
g3 e5 9. dxe5 Nxe5 10. Bf4 Nfd7 11. Bg2 g5 12. Ne3 gxf4 13. Nxf5 O-O-O 14. Qc2
Bb4 15. O-O fxg3 16. hxg3 Kb8 17. Rfc1 Nc5 18. a5 h5 19. Ne4 Nxe4 20. Qxe4 Bd2
21. Rc2 a6 22. Nd4 Bxa5 23. Rc5 Bb6 24. Qxe5 Qxe5 25. Nxc6+ bxc6 26. Rxe5 h4
27. gxh4 Rxh4 28. Bf3 Rg8+ 29. Kf1 Bc7 30. Rea5 Bxa5 31. Rxa5 Rc4 32. e3 Kb7
33. Rf5 Rc1+ 34. Ke2 Rc2+ 35. Kd3 Rxb2 36. Kc3 Rb5 37. Rxf7+ Kb6 38. Rf6 Rc5+
39. Kb3 Rg1 40. Be4 Rgc1 41. Re6 Rb5+ 42. Ka2 Rc4 43. Ka3 Ka5 44. Bc2 Rxc2 45.
Re4 Rc3+ 46. Ka2 c5 47. f4 Rc2+ 48. Ka1 c4 49. Re6 c3 50. Rc6 Rc1+ 51. Ka2 Rb2+
 0-1

[Event "2. Bundesliga Ost 2013/2014"]
[Site "Wien"]
[Date "2013.10.05"]
[Round "1"]
[Board "6"]
[White "Kammerer, Roman"]
[Black "Steinwender, Peter"]
[Result "0-1"]
[WhiteElo "2071"]
[BlackElo "2059"]
[PlyCount "98"]
[EventDate "2013.10.05"]
[EventType "team"]
[EventRounds "11"]
[EventCountry "AUT"]
[WhiteTeam "ASVOE VHS Poechlarn"]
[BlackTeam "ASVOE Wulkaprodersdorf"]

1. d4 Nf6 2. c4 g6 3. Nf3 Bg7 4. g3 O-O 5. Bg2 d5 6. cxd5 Nxd5 7. O-O Nc6 8. e4
Nb6 9. d5 Na5 10. Nc3 c6 11. Nd4 cxd5 12. exd5 Nac4 13. b3 Nd6 14. Be3 Bf5 15.
Rc1 Rc8 16. Qd2 Qd7 17. Rfe1 Bh3 18. Bf3 Bg4 19. Qe2 Bxf3 20. Qxf3 Rc7 21. a4
Rfc8 22. Ncb5 Rxc1 23. Rxc1 Rxc1+ 24. Bxc1 a6 25. Nxd6 Qxd6 26. Ne2 Nxd5 27.
Ba3 Qd7 28. Qd3 e6 29. Nf4 Qc6 30. Nxd5 Qxd5 31. Qc2 Qd7 32. Bb2 Bxb2 33. Qxb2
Qd5 34. Qc3 e5 35. Kf1 g5 36. Ke2 Qe4+ 37. Kd2 g4 38. b4 Kg7 39. b5 axb5 40.
axb5 Qd5+ 41. Qd3 Qxd3+ 42. Kxd3 Kf6 43. Kc4 Ke6 44. Kc5 Kd7 45. Kd5 f6 46. Kc5
Kc7 47. b6+ Kd7 48. Kd5 Ke7 49. Kc5 Ke6 0-1

[Event "2. Bundesliga Ost 2013/2014"]
[Site "Wien"]
[Date "2013.10.06"]
[Round "2"]
[Board "1"]
[White "Videki, Sandor"]
[Black "Loeffler, Stefan"]
[Result "1-0"]
[WhiteElo "2434"]
[BlackElo "2415"]
[PlyCount "73"]
[EventDate "2013.10.05"]
[EventType "team"]
[EventRounds "11"]
[EventCountry "AUT"]
[WhiteTeam "Spg Data Technology Eichgraben/P."]
[BlackTeam "ASVOE VHS Poechlarn"]

1. e4 e5 2. Nf3 Nf6 3. Nxe5 d6 4. Nf3 Nxe4 5. Bd3 Nf6 6. O-O Be7 7. c3 Bg4 8.
Bc2 c5 9. h3 Bh5 10. d4 Nc6 11. dxc5 dxc5 12. Qxd8+ Rxd8 13. Nh4 Nd5 14. Nf5
Bf6 15. Re1+ Kf8 16. Na3 Nxc3 17. bxc3 Bxc3 18. Bf4 Bg6 19. Bc7 Ra8 20. Rad1
Bxe1 21. Rxe1 b6 22. Ba4 Bxf5 23. Bxc6 Rc8 24. Nb5 Be6 25. Bd6+ Kg8 26. Nxa7
Rd8 27. Nb5 h5 28. a4 Rh6 29. Bf4 Rg6 30. Be4 f5 31. Bf3 Bf7 32. Bxh5 Re6 33.
Rxe6 Bxe6 34. Bc7 Rd2 35. Bxb6 Bd7 36. Bxc5 Rd5 37. Be7 1-0

[Event "2. Bundesliga Ost 2013/2014"]
[Site "Wien"]
[Date "2013.10.06"]
[Round "2"]
[Board "2"]
[White "Kostic, Vladimir"]
[Black "Ganaus, Hannes"]
[Result "1-0"]
[WhiteElo "2436"]
[BlackElo "2302"]
[PlyCount "77"]
[EventDate "2013.10.05"]
[EventType "team"]
[EventRounds "11"]
[EventCountry "AUT"]
[WhiteTeam "ASVOE VHS Poechlarn"]
[BlackTeam "Spg Data Technology Eichgraben/P."]

1. e4 e6 2. d4 d5 3. e5 c5 4. c3 Nc6 5. Nf3 Bd7 6. Be2 f6 7. O-O fxe5 8. dxe5
g6 9. Re1 Bg7 10. Bd3 Nge7 11. Bg5 Qc7 12. Qe2 O-O 13. Nbd2 h6 14. Bh4 Nf5 15.
Bg3 Nxg3 16. hxg3 g5 17. Bc2 c4 18. b3 b5 19. a4 a6 20. g4 Rab8 21. axb5 axb5
22. bxc4 bxc4 23. Ba4 Rf7 24. Bxc6 Bxc6 25. Nd4 Bd7 26. N2f3 Bf8 27. Qc2 Rg7
28. Ra6 Rb6 29. Rea1 Bc5 30. Rxb6 Bxb6 31. Ra8+ Kf7 32. Rh8 Qa7 33. Rxh6 Qa1+
34. Kh2 Bd8 35. Qd2 Qb1 36. Nf5 Rg8 37. Rh7+ Kg6 38. Rxd7 Rh8+ 39. N3h4+ 1-0

[Event "2. Bundesliga Ost 2013/2014"]
[Site "Wien"]
[Date "2013.10.06"]
[Round "2"]
[Board "4"]
[White "Wilke, Werner"]
[Black "Neumeier, Klaus"]
[Result "0-1"]
[WhiteElo "2243"]
[BlackElo "2296"]
[PlyCount "122"]
[EventDate "2013.10.05"]
[EventType "team"]
[EventRounds "11"]
[EventCountry "AUT"]
[WhiteTeam "ASVOE VHS Poechlarn"]
[BlackTeam "Spg Data Technology Eichgraben/P."]

1. c4 b6 2. Nc3 Bb7 3. e4 e6 4. Nge2 Nf6 5. f3 c5 6. d4 cxd4 7. Nxd4 Bc5 8. Be3
O-O 9. Qd2 Nc6 10. Nxc6 Bxe3 11. Qxe3 dxc6 12. e5 Nd7 13. O-O-O Qe7 14. Bd3
Rfd8 15. Bc2 Qc5 16. Qe4 Nf8 17. h4 Ba6 18. Bb3 b5 19. cxb5 cxb5 20. Kb1 b4 21.
Na4 Qb5 22. Rd6 Qb7 23. Bc2 Qb5 24. Rhd1 Bb7 25. Qd3 Qxd3 26. R1xd3 Rxd6 27.
Rxd6 Rc8 28. Rd4 a5 29. Nb6 Rb8 30. Nc4 Ra8 31. Rd6 g6 32. Ba4 Kg7 33. Rb6 Bd5
34. Nd6 f6 35. Ne8+ Kf7 36. Nxf6 g5 37. h5 Rd8 38. Ra6 Ra8 39. Rd6 Bc4 40. Rc6
Bd3+ 41. Kc1 Ra7 42. Rc8 h6 43. Ne8 Bf1 44. Nd6+ Kg7 45. Kd2 Bxg2 46. Ke3 Nd7
47. Bxd7 Rxd7 48. Ne8+ Kf7 49. Nf6 Rd1 50. Rc7+ Kf8 51. Ng4 Rf1 52. Nxh6 Rxf3+
53. Kd4 Rh3 54. Nf7 Rxh5 55. Nd8 Bd5 56. Kc5 g4 57. Kd6 g3 58. Rf7+ Kg8 59. Rf4
Rg5 60. Rf1 g2 61. Rg1 Rf5 0-1

[Event "2. Bundesliga Ost 2013/2014"]
[Site "Wien"]
[Date "2013.10.06"]
[Round "2"]
[Board "5"]
[White "Pichler, Michael"]
[Black "Loidl, Florian"]
[Result "1-0"]
[WhiteElo "2243"]
[BlackElo "2192"]
[PlyCount "107"]
[EventDate "2013.10.05"]
[EventType "team"]
[EventRounds "11"]
[EventCountry "AUT"]
[WhiteTeam "Spg Data Technology Eichgraben/P."]
[BlackTeam "ASVOE VHS Poechlarn"]

1. e4 c6 2. d4 d5 3. e5 Bf5 4. Nf3 e6 5. Nbd2 Nd7 6. Nb3 a5 7. a4 Qb6 8. Be3
Ne7 9. Be2 Bg6 10. O-O Nf5 11. c4 Nxe3 12. fxe3 dxc4 13. Bxc4 Be7 14. Bd3 O-O
15. Bxg6 hxg6 16. Nbd2 Qa6 17. Ne4 b5 18. Nfg5 c5 19. axb5 Qb6 20. Qg4 f6 21.
Nxe6 Rf7 22. exf6 Nxf6 23. Nxf6+ Bxf6 24. Nxc5 Qxb5 25. Qxg6 Qxb2 26. Rab1 Qd2
27. Rf3 Raf8 28. Rbf1 Qa2 29. Ne4 Be7 30. Rxf7 Rxf7 31. Rxf7 Qxf7 32. Qxf7+
Kxf7 33. Kf2 a4 34. Nc3 a3 35. Ke2 Bb4 36. Na2 Ba5 37. Kd3 Kf6 38. e4 Kg5 39.
Ke3 Bb6 40. e5 Kf5 41. h3 g5 42. g4+ Ke6 43. Ke4 Ba7 44. d5+ Ke7 45. Kf5 Be3
46. d6+ Kd7 47. Ke4 Bf4 48. Kd5 Bg3 49. e6+ Ke8 50. d7+ Ke7 51. Nb4 Bc7 52.
Nc6+ Kf6 53. e7 a2 54. e8=Q 1-0

[Event "2. Bundesliga Ost 2013/2014"]
[Site "Wien"]
[Date "2013.10.06"]
[Round "2"]
[Board "6"]
[White "Gratze, Michael"]
[Black "Hechl, Gerald"]
[Result "0-1"]
[WhiteElo "1982"]
[BlackElo "2182"]
[PlyCount "78"]
[EventDate "2013.10.05"]
[EventType "team"]
[EventRounds "11"]
[EventCountry "AUT"]
[WhiteTeam "ASVOE VHS Poechlarn"]
[BlackTeam "Spg Data Technology Eichgraben/P."]

1. e4 c5 2. Nf3 e6 3. Nc3 a6 4. d4 b5 5. Be3 Qc7 6. e5 cxd4 7. Nxd4 Qxe5 8. Qf3
d5 9. O-O-O Bd6 10. g3 Qf6 11. Ne4 Qxf3 12. Nxd6+ Kd7 13. Nxf3 Kxd6 14. Ne5 Ke7
15. Bg2 f6 16. Nd3 Kf7 17. Rhe1 Ne7 18. Bc5 Nbc6 19. Nf4 Rd8 20. Rd2 g5 21. Nd3
e5 22. Nb4 Nxb4 23. Bxb4 Be6 24. Red1 Nc6 25. Bc5 e4 26. f3 f5 27. g4 f4 28.
fxe4 Bxg4 29. exd5 Bxd1 30. Kxd1 Ne5 31. Be4 Rac8 32. b4 Nc4 33. Rd4 Kf6 34. d6
Ke5 35. c3 Nxd6 36. Bxh7 Nf5 37. Bxf5 Kxf5 38. Ke2 Rxd4 39. cxd4 Rh8 0-1

[Event "2. Bundesliga Ost 2013/2014"]
[Site "Wien"]
[Date "2013.10.06"]
[Round "2"]
[Board "1"]
[White "Bernasek, Jan"]
[Black "Volkmann, Friedrich Karl"]
[Result "1-0"]
[WhiteElo "2539"]
[BlackElo "2420"]
[PlyCount "29"]
[EventDate "2013.10.05"]
[EventType "team"]
[EventRounds "11"]
[EventCountry "AUT"]
[WhiteTeam "Zwettl"]
[BlackTeam "ASVOE Wulkaprodersdorf"]

1. d4 b5 2. e4 Bb7 3. Nd2 b4 4. Ngf3 e6 5. Bd3 Nf6 6. c4 d5 7. cxd5 exd5 8. e5
Ne4 9. Qe2 Nxd2 10. Bxd2 Be7 11. e6 fxe6 12. Ne5 Kf8 13. Qh5 Qe8 14. Bg6 Qb5
15. Bxh7 1-0

[Event "2. Bundesliga Ost 2013/2014"]
[Site "Wien"]
[Date "2013.10.06"]
[Round "2"]
[Board "2"]
[White "Wallner, Joachim"]
[Black "Polak, Thomas"]
[Result "1/2-1/2"]
[WhiteElo "2365"]
[BlackElo "2502"]
[PlyCount "100"]
[EventDate "2013.10.05"]
[EventType "team"]
[EventRounds "11"]
[EventCountry "AUT"]
[WhiteTeam "ASVOE Wulkaprodersdorf"]
[BlackTeam "Zwettl"]

1. b3 e5 2. Bb2 Nc6 3. e3 Nf6 4. Bb5 d6 5. Ne2 Bd7 6. O-O g6 7. d4 Qe7 8. Nd2
Bg7 9. Bxc6 Bxc6 10. Nc4 exd4 11. Nxd4 Bd7 12. a4 a6 13. Re1 O-O 14. Nf3 Rfe8
15. Ncd2 Rad8 16. c4 a5 17. Qc1 b6 18. Bc3 Qf8 19. Qb2 Ng4 20. h3 Ne5 21. Nxe5
Bxe5 22. Nf3 Bxc3 23. Qxc3 Bc6 24. Nd4 Bb7 25. Nb5 Qe7 26. e4 c6 27. Nd4 Qe5
28. Rad1 Qg7 29. f3 h5 30. Ne2 Qe5 31. Qxe5 dxe5 32. Kf2 Kf8 33. Ke3 Ke7 34.
Nc3 h4 35. Rxd8 Rxd8 36. Rd1 Rd6 37. Rd3 Ba6 38. Kd2 Rxd3+ 39. Kxd3 Kd6 40. Nd1
b5 41. Kc3 bxa4 42. bxa4 Bc8 43. Nb2 c5 44. Nd1 f5 45. Kd3 fxe4+ 46. fxe4 Bd7
47. Nc3 Ke7 48. Ke3 Kf6 49. Kf3 Kf7 50. Ke3 Kf6 1/2-1/2

[Event "2. Bundesliga Ost 2013/2014"]
[Site "Wien"]
[Date "2013.10.06"]
[Round "2"]
[Board "3"]
[White "Blatny, Pavel"]
[Black "Newrkla, Katharina"]
[Result "1-0"]
[WhiteElo "2414"]
[BlackElo "2174"]
[PlyCount "67"]
[EventDate "2013.10.05"]
[EventType "team"]
[EventRounds "11"]
[EventCountry "AUT"]
[WhiteTeam "Zwettl"]
[BlackTeam "ASVOE Wulkaprodersdorf"]

1. b3 d5 2. Bb2 Nf6 3. e3 Bf5 4. d3 Nbd7 5. h3 e5 6. Nd2 Bd6 7. Ne2 O-O 8. g4
Be6 9. Bg2 c6 10. Ng3 g6 11. Qe2 a5 12. a3 Qe7 13. O-O Ne8 14. f4 f6 15. f5 Bf7
16. Qf2 Nc7 17. Bf3 a4 18. b4 c5 19. bxc5 Bxc5 20. c4 e4 21. fxg6 hxg6 22. d4
exf3 23. dxc5 dxc4 24. Qxf3 Bd5 25. Nde4 Ra6 26. Qf4 Bxe4 27. Nxe4 Nd5 28. Qf3
Ne5 29. Bxe5 Qxe5 30. Rad1 Re6 31. Rd4 f5 32. Ng5 Nxe3 33. Re4 Qxc5 34. Nxe6
 1-0

[Event "2. Bundesliga Ost 2013/2014"]
[Site "Wien"]
[Date "2013.10.06"]
[Round "2"]
[Board "4"]
[White "Mesaros, Florian"]
[Black "Wagner, Stefan"]
[Result "1/2-1/2"]
[WhiteElo "2180"]
[BlackElo "2178"]
[PlyCount "60"]
[EventDate "2013.10.05"]
[EventType "team"]
[EventRounds "11"]
[EventCountry "AUT"]
[WhiteTeam "ASVOE Wulkaprodersdorf"]
[BlackTeam "Zwettl"]

1. Nf3 c5 2. c4 g6 3. Nc3 Bg7 4. e3 Nf6 5. d4 cxd4 6. exd4 d5 7. cxd5 Nxd5 8.
Bc4 Nxc3 9. bxc3 O-O 10. Bf4 Nc6 11. O-O Bg4 12. Re1 Rc8 13. Be2 Qa5 14. Qb3
Bxf3 15. Bxf3 e5 16. Bg3 exd4 17. Qxb7 Ne5 18. Bxe5 Bxe5 19. Qb4 Bc7 20. Qxd4
Bb6 21. Qb4 Rxc3 22. Qxa5 Bxa5 23. Bd5 Rc2 24. Re7 Bb6 25. Rf1 Rd2 26. Bc4 Rc2
27. Bd5 Rd2 28. Bc4 Rc2 29. Bd5 Rd2 30. Bc4 Rc2 1/2-1/2

[Event "2. Bundesliga Ost 2013/2014"]
[Site "Wien"]
[Date "2013.10.06"]
[Round "2"]
[Board "5"]
[White "Stadler, Peter"]
[Black "Exler, Veronika"]
[Result "1/2-1/2"]
[WhiteElo "2109"]
[BlackElo "2148"]
[PlyCount "51"]
[EventDate "2013.10.05"]
[EventType "team"]
[EventRounds "11"]
[EventCountry "AUT"]
[WhiteTeam "Zwettl"]
[BlackTeam "ASVOE Wulkaprodersdorf"]

1. d4 d5 2. c4 c6 3. Nc3 Nf6 4. Nf3 a6 5. cxd5 cxd5 6. Bf4 Nc6 7. e3 Bg4 8. Be2
e6 9. O-O Bd6 10. Bg5 h6 11. Bh4 Qc7 12. Bg3 Bxg3 13. hxg3 h5 14. Rc1 Bxf3 15.
Bxf3 g5 16. e4 O-O-O 17. exd5 exd5 18. Qb3 Qd6 19. Rfd1 g4 20. Be2 h4 21. Na4
hxg3 22. fxg3 Rde8 23. Bxa6 bxa6 24. Qb6 Kd7 25. Rxc6 Qxc6 26. Nc5+ 1/2-1/2

[Event "2. Bundesliga Ost 2013/2014"]
[Site "Wien"]
[Date "2013.10.06"]
[Round "2"]
[Board "6"]
[White "Rampler, Evelyn"]
[Black "Lipp, Alfred"]
[Result "0-1"]
[WhiteElo "1880"]
[BlackElo "2138"]
[PlyCount "78"]
[EventDate "2013.10.05"]
[EventType "team"]
[EventRounds "11"]
[EventCountry "AUT"]
[WhiteTeam "ASVOE Wulkaprodersdorf"]
[BlackTeam "Zwettl"]

1. e4 c5 2. Nc3 Nc6 3. g3 g6 4. Bg2 Bg7 5. d3 d6 6. Be3 Rb8 7. Qd2 b5 8. Nge2
b4 9. Nd1 Nd4 10. O-O Qa5 11. f4 Qa4 12. Nxd4 cxd4 13. Bf2 e5 14. h3 h5 15. Kh2
h4 16. b3 Qd7 17. Kg1 Ne7 18. Nb2 Qc7 19. Nc4 hxg3 20. Bxg3 Bxh3 21. fxe5 Bxe5
22. Bxe5 dxe5 23. Qg5 Rh5 24. Qf6 Be6 25. a4 Kd7 26. a5 Rbh8 27. Ra4 Nc6 28. a6
R8h7 29. Rfa1 Rh4 30. Na5 Rf4 31. Qg5 Rh5 32. Qg3 Nxa5 33. Rxa5 Rg4 34. Qf2
Rhg5 35. Qf6 Rxg2+ 36. Kh1 R2g4 37. Qxg5 Rxg5 38. Rb5 Qxc2 39. Rb7+ Kc6 0-1

[Event "2. Bundesliga Ost 2013/2014"]
[Site "Wien"]
[Date "2013.10.06"]
[Round "2"]
[Board "1"]
[White "Stohl, Igor"]
[Black "Nagy, Bence"]
[Result "1-0"]
[WhiteElo "2526"]
[BlackElo "2358"]
[PlyCount "58"]
[EventDate "2013.10.05"]
[EventType "team"]
[EventRounds "11"]
[EventCountry "AUT"]
[WhiteTeam "SG Hietzing/Ottakring"]
[BlackTeam "SK Austria"]

1. d4 Nf6 2. c4 e6 3. Nc3 d5 4. Bg5 Bb4 5. e3 a6 6. cxd5 exd5 7. Bd3 c6 8. Nge2
Nbd7 9. Qc2 Nf8 10. O-O Bxc3 11. bxc3 Ne6 12. Bh4 b5 13. a4 Rb8 14. f3 h6 15.
e4 Rb7 16. axb5 axb5 17. Bxf6 Qxf6 18. e5 Qe7 19. f4 g6 20. f5 gxf5 21. Ng3 Nd8
22. Bxf5 Be6 23. Ra8 Qg5 24. Qf2 h5 25. Bd3 h4 26. Nf5 Bxf5 27. Bxf5 h3 28. g3
Re7 29. Re1 O-O 1-0

[Event "2. Bundesliga Ost 2013/2014"]
[Site "Wien"]
[Date "2013.10.06"]
[Round "2"]
[Board "4"]
[White "Druckenthaner, Andreas"]
[Black "Menezes, Christoph"]
[Result "1-0"]
[WhiteElo "2324"]
[BlackElo "2263"]
[PlyCount "41"]
[EventDate "2013.10.05"]
[EventType "team"]
[EventRounds "11"]
[EventCountry "AUT"]
[WhiteTeam "SK Austria"]
[BlackTeam "SG Hietzing/Ottakring"]

1. g3 Nf6 2. Bg2 d5 3. d3 c6 4. Nd2 Bg4 5. h3 Bh5 6. Ngf3 Nbd7 7. g4 Bg6 8. Nh4
e6 9. Nxg6 hxg6 10. e4 Bd6 11. Qe2 Qc7 12. Nf3 dxe4 13. dxe4 O-O-O 14. Ng5 Rhf8
15. O-O Bh2+ 16. Kh1 Bf4 17. Be3 Kb8 18. Rfd1 Qe5 19. Nf3 Qxe4 20. Rd4 Bxe3 21.
Rxe4 1-0

[Event "2. Bundesliga Ost 2013/2014"]
[Site "Wien"]
[Date "2013.10.06"]
[Round "2"]
[Board "6"]
[White "Higatsberger, Michael"]
[Black "Plank, Franz"]
[Result "1/2-1/2"]
[WhiteElo "2197"]
[BlackElo "2232"]
[PlyCount "128"]
[EventDate "2013.10.05"]
[EventType "team"]
[EventRounds "11"]
[EventCountry "AUT"]
[WhiteTeam "SK Austria"]
[BlackTeam "SG Hietzing/Ottakring"]

1. e4 d5 2. exd5 Qxd5 3. Nc3 Qa5 4. d4 Nf6 5. Bc4 Nc6 6. Nf3 Bg4 7. Bd2 Qf5 8.
d5 Ne5 9. Bb5+ Nfd7 10. Nxe5 Qxe5+ 11. Be2 Bxe2 12. Qxe2 Qxe2+ 13. Kxe2 O-O-O
14. Be3 Nf6 15. Rhd1 a6 16. Kf3 g6 17. Bd4 Bg7 18. g4 Rhg8 19. g5 Ne8 20. Bxg7
Nxg7 21. Ne4 Nf5 22. c4 Nd6 23. Rd4 Nxe4 24. Rxe4 Rd7 25. Rae1 Re8 26. Rh4 Rh8
27. Re3 f6 28. Kg4 c6 29. dxc6 bxc6 30. Reh3 Rd4+ 31. Kg3 Rxh4 32. Kxh4 h6 33.
gxf6 exf6 34. Ra3 Rd8 35. Rxa6 Rd4+ 36. Kg3 Rxc4 37. Ra7 h5 38. Rf7 Rg4+ 39.
Kf3 f5 40. h3 Rg1 41. a4 c5 42. a5 Kb8 43. a6 Ra1 44. Rf6 Rg1 45. Kf4 Rg2 46.
Ke3 Ka7 47. b3 Rh2 48. Rxg6 Rxh3+ 49. f3 Rh4 50. Rc6 Rb4 51. Rxc5 f4+ 52. Ke2
Rxb3 53. Rxh5 Kxa6 54. Re5 Kb6 55. Re4 Kc5 56. Rxf4 Kd5 57. Re4 Ra3 58. Kf2 Ra8
59. Kg3 Rg8+ 60. Rg4 Ra8 61. Rg6 Ke5 62. f4+ Kf5 63. Rg5+ Kf6 64. Kg4 Ra1
 1/2-1/2